বাঙালির দর্শন ও অন্যান্য প্রবন্ধ / (Record no. 27618)
[ view plain ]
| 000 -LEADER | |
|---|---|
| fixed length control field | 01049nam a22002297a 4500 |
| 003 - CONTROL NUMBER IDENTIFIER | |
| control field | BDDh-ASL |
| 005 - DATE AND TIME OF LATEST TRANSACTION | |
| control field | 20231015030802.0 |
| 008 - FIXED-LENGTH DATA ELEMENTS--GENERAL INFORMATION | |
| fixed length control field | 200917b1994 b ||||| |||| 00| 0 b d |
| 040 ## - CATALOGING SOURCE | |
| Original cataloging agency | BDDh-ASL |
| Transcribing agency | BDDh-ASL |
| Modifying agency | BDDh-ASL |
| 041 ## - LANGUAGE CODE | |
| Language code of text/sound track or separate title | bengali |
| 082 ## - DEWEY DECIMAL CLASSIFICATION NUMBER | |
| Classification number | 921 |
| Item number | ISB |
| 100 1# - MAIN ENTRY--PERSONAL NAME | |
| 9 (RLIN) | 5798 |
| Personal name | ইসলাম, আমিনুল |
| Titles and words associated with a name | অধ্যাপক |
| 245 1# - TITLE STATEMENT | |
| Title | বাঙালির দর্শন ও অন্যান্য প্রবন্ধ / |
| 246 ## - VARYING FORM OF TITLE | |
| Title proper/short title | Bangalir Darshan O Onnanno Prabanda |
| 260 ## - PUBLICATION, DISTRIBUTION, ETC. | |
| Place of publication, distribution, etc. | ঢাকা: |
| Name of publisher, distributor, etc. | ঢাকা বিশ্ববিদ্যালয়, |
| Date of publication, distribution, etc. | ১৯৯৪। |
| 300 ## - PHYSICAL DESCRIPTION | |
| Extent | ২৬০ পৃষ্ঠা: |
| Dimensions | ২২ সে. মি.। |
| 504 ## - BIBLIOGRAPHY, ETC. NOTE | |
| Bibliography, etc. note | নিঘন্ট সংযুক্ত । |
| 650 #0 - SUBJECT ADDED ENTRY--TOPICAL TERM | |
| Topical term or geographic name entry element | Philosophy (দর্শন), philosophy, metaphysics, theory, principle, ethos, doctrine, philosophy, knowledge, তত্ত্ব |
| General subdivision | Bangali (বাঙালি) |
| 9 (RLIN) | 5573 |
| 650 #0 - SUBJECT ADDED ENTRY--TOPICAL TERM | |
| 9 (RLIN) | 4586 |
| Topical term or geographic name entry element | History (ইতিহাস) |
| 650 #0 - SUBJECT ADDED ENTRY--TOPICAL TERM | |
| 9 (RLIN) | 5799 |
| Topical term or geographic name entry element | Essay (প্রবন্ধ) |
| 942 ## - ADDED ENTRY ELEMENTS (KOHA) | |
| Source of classification or shelving scheme | Dewey Decimal Classification |
| Koha item type | Books |
| Withdrawn status | Lost status | Source of classification or shelving scheme | Damaged status | Not for loan | Collection code | Home library | Current library | Shelving location | Date acquired | Source of acquisition | Total Checkouts | Full call number | Barcode | Date last seen | Copy number | Price effective from | Koha item type |
|---|---|---|---|---|---|---|---|---|---|---|---|---|---|---|---|---|---|
| Dewey Decimal Classification | Non-fiction | Asiatic Society Library | Asiatic Society Library | General Stacks | 11/06/2021 | ASB Library Collection | 921 ISB | 113748 | 11/06/2021 | C-1 | 11/06/2021 | Books | |||||
| Dewey Decimal Classification | Non-fiction | Asiatic Society Library | Asiatic Society Library | General Stacks | 11/06/2021 | ASB Library Collection | 921 ISB | 113749 | 11/06/2021 | C-2 | 11/06/2021 | Books |